Spanish "ir" simple conjugation - Statistics

General Stats
  • This quiz has been taken 55 times
  • The average score is 5 of 5
Answer Stats
Hint Answer % Correct
yo voy
98%
él, ella, usted va
93%
nosotros, nosotras vamos
93%
vas
93%
ellos, ellas, ustedes van
91%
No matching quizzes found
Score Distribution
Percent of People with Each Score
Percentile by Number Answered
Your Score History
You have not taken this quiz